000 00626nam a2200229Ia 4500
003 OSt
005 20220918200239.0
006 a|||||r|||| 00| 0
007 ta
008 220917b |||||||| |||| 00| 0 eng d
024 _a87,960
037 _cTextual
040 _aARTS
_cARTS
_beng
041 _2eng
_aeng
082 _aT15:835, H6-;1
100 _aBetts Emmett Albert
_993215
245 0 _aFoundations of reading instruction with emphasis on differentiated guidance
260 _c1946
650 _aEDUCATION
942 _hT15:835, H6-;1
_cTEXL
_2CC
999 _c211650
_d211650